| 000 | 00569nam a22002177a 4500 | ||
|---|---|---|---|
| 005 | 20160113041907.0 | ||
| 008 | 150515b xxu||||| |||| 00| 0 eng d | ||
| 020 | _a9780073028262 | ||
| 020 | _a0073028266 | ||
| 041 | 0 | _aeng | |
| 080 | _a57 | ||
| 100 | 1 | _aPechenik, Jan A. | |
| 245 | 1 | 0 |
_aBiology of the invertebrates / _cJan A. Pechenik. |
| 250 | _a6th ed. | ||
| 260 |
_aNew York : _bMcGraw-Hill Higher Education, _c2010. |
||
| 300 |
_a606 f. : _bme il.; _c29 cm. |
||
| 505 | _aIndex: f. 590 - 606 | ||
| 650 | 0 | _aBiologjia | |
| 650 | 0 | _aKurrizor | |
| 942 |
_2udc _cBK |
||
| 999 |
_c766 _d766 |
||